|
|
|
|
| LEADER |
02558nam a2200649 4500 |
| 001 |
ocn967778189 |
| 003 |
OCoLC |
| 005 |
20180501122034.0 |
| 006 |
m o d |
| 007 |
cr cnu|||unuuu |
| 008 |
170106s2017 mau o 001 0 eng d |
| 040 |
|
|
|a N$T
|b eng
|e rda
|e pn
|c N$T
|d IDEBK
|d OPELS
|d EBLCP
|d N$T
|d OCLCF
|d YDX
|d OCLCQ
|d MERUC
|d GrThAP
|
| 019 |
|
|
|a 968552445
|a 973310117
|a 973368084
|
| 020 |
|
|
|a 9780128119563
|q (electronic bk.)
|
| 020 |
|
|
|a 012811956X
|q (electronic bk.)
|
| 020 |
|
|
|a 9780128119556
|q (print)
|
| 020 |
|
|
|a 0128119551
|
| 035 |
|
|
|a (OCoLC)967778189
|z (OCoLC)968552445
|z (OCoLC)973310117
|z (OCoLC)973368084
|
| 050 |
|
4 |
|a QA76.9.D338
|
| 072 |
|
7 |
|a COM
|x 013000
|2 bisacsh
|
| 072 |
|
7 |
|a COM
|x 014000
|2 bisacsh
|
| 072 |
|
7 |
|a COM
|x 018000
|2 bisacsh
|
| 072 |
|
7 |
|a COM
|x 067000
|2 bisacsh
|
| 072 |
|
7 |
|a COM
|x 032000
|2 bisacsh
|
| 072 |
|
7 |
|a COM
|x 037000
|2 bisacsh
|
| 072 |
|
7 |
|a COM
|x 052000
|2 bisacsh
|
| 082 |
0 |
4 |
|a 004.1/1
|2 23
|
| 049 |
|
|
|a TEFA
|
| 245 |
0 |
0 |
|a Creativity in computing and DataFlow super computing /
|c edited by Ali R. Hurson and Veljko Milutinović.
|
| 264 |
|
1 |
|a Cambridge, MA :
|b Academic Press is an imprint of Elsevier,
|c 2017.
|
| 300 |
|
|
|a 1 online resource.
|
| 336 |
|
|
|a text
|b txt
|2 rdacontent
|
| 337 |
|
|
|a computer
|b c
|2 rdamedia
|
| 338 |
|
|
|a online resource
|b cr
|2 rdacarrier
|
| 490 |
1 |
|
|a Advances in computers ;
|v volume 104
|
| 500 |
|
|
|a Includes indexes.
|
| 588 |
0 |
|
|a Online resource; title from PDF title page (ScienceDirect, viewed January 16, 2017).
|
| 504 |
|
|
|a Includes bibliographical references and indexes.
|
| 650 |
|
0 |
|a Data flow computing.
|
| 650 |
|
0 |
|a Supercomputers.
|
| 650 |
|
0 |
|a Computer science.
|
| 650 |
|
7 |
|a COMPUTERS / Computer Literacy
|2 bisacsh
|
| 650 |
|
7 |
|a COMPUTERS / Computer Science
|2 bisacsh
|
| 650 |
|
7 |
|a COMPUTERS / Data Processing
|2 bisacsh
|
| 650 |
|
7 |
|a COMPUTERS / Hardware / General
|2 bisacsh
|
| 650 |
|
7 |
|a COMPUTERS / Information Technology
|2 bisacsh
|
| 650 |
|
7 |
|a COMPUTERS / Machine Theory
|2 bisacsh
|
| 650 |
|
7 |
|a COMPUTERS / Reference
|2 bisacsh
|
| 650 |
|
7 |
|a Computer science.
|2 fast
|0 (OCoLC)fst00872451
|
| 650 |
|
7 |
|a Data flow computing.
|2 fast
|0 (OCoLC)fst00887940
|
| 650 |
|
7 |
|a Supercomputers.
|2 fast
|0 (OCoLC)fst01138790
|
| 655 |
|
4 |
|a Electronic books.
|
| 700 |
1 |
|
|a Hurson, A. R.,
|e editor.
|
| 700 |
1 |
|
|a Milutinović, Veljko,
|e editor.
|
| 776 |
0 |
8 |
|c Original
|z 0128119551
|z 9780128119556
|w (OCoLC)959593626
|
| 830 |
|
0 |
|a Advances in computers ;
|v v. 104.
|
| 856 |
4 |
0 |
|u https://www.sciencedirect.com/science/bookseries/00652458/104
|z Full Text via HEAL-Link
|